Understanding the NEC4 ECC contract: (Record no. 122064)

MARC details
000 -LEADER
fixed length control field 04411nam a2200745 i 4500
001 - CONTROL NUMBER
control field 122064
003 - CONTROL NUMBER IDENTIFIER
control field StDuBDS
005 - DATE AND TIME OF LATEST TRANSACTION
control field 20241203094505.0
006 - FIXED-LENGTH DATA ELEMENTS--ADDITIONAL MATERIAL CHARACTERISTICS
fixed length control field m|||||o||d||||||||
007 - PHYSICAL DESCRIPTION FIXED FIELD--GENERAL INFORMATION
fixed length control field cr |||||||||||
008 - FIXED-LENGTH DATA ELEMENTS--GENERAL INFORMATION
fixed length control field 241203t2024 enka fob 001|0|eng|d
020 ## - INTERNATIONAL STANDARD BOOK NUMBER
International Standard Book Number 9781040261859 (ePub ebook) :
Terms of availability No price
020 ## - INTERNATIONAL STANDARD BOOK NUMBER
International Standard Book Number 9781040261811 (PDF ebook) :
020 ## - INTERNATIONAL STANDARD BOOK NUMBER
International Standard Book Number 9781003562634 (ebook) :
020 ## - INTERNATIONAL STANDARD BOOK NUMBER
Canceled/invalid ISBN 9781032913254 (hbk.) :
020 ## - INTERNATIONAL STANDARD BOOK NUMBER
Canceled/invalid ISBN 9781032913278 (pbk.) :
040 ## - CATALOGING SOURCE
Original cataloging agency StDuBDS
Language of cataloging eng
Description conventions rda
-- pn
Transcribing agency StDuBDS
Modifying agency StDuBDSZ
050 #0 - LIBRARY OF CONGRESS CALL NUMBER
Classification number KD1641
Item number .H8345 2025
072 #7 - SUBJECT CATEGORY CODE
Subject category code LAW
Source ukslc
072 #7 - SUBJECT CATEGORY CODE
Subject category code LN
Source bicssc
072 #7 - SUBJECT CATEGORY CODE
Subject category code TNK
Source bicssc
072 #7 - SUBJECT CATEGORY CODE
Subject category code KNAT
Source bicssc
072 #7 - SUBJECT CATEGORY CODE
Subject category code KNJC
Source bicssc
072 #7 - SUBJECT CATEGORY CODE
Subject category code LNCJ
Source bicssc
072 #7 - SUBJECT CATEGORY CODE
Subject category code LNCQ
Source bicssc
072 #7 - SUBJECT CATEGORY CODE
Subject category code TBC
Source bicssc
072 #7 - SUBJECT CATEGORY CODE
Subject category code TNCB1
Source bicssc
072 #7 - SUBJECT CATEGORY CODE
Subject category code LN
Source thema
072 #7 - SUBJECT CATEGORY CODE
Subject category code TNK
Source thema
072 #7 - SUBJECT CATEGORY CODE
Subject category code LNCJ
Source thema
072 #7 - SUBJECT CATEGORY CODE
Subject category code LNCQ
Source thema
072 #7 - SUBJECT CATEGORY CODE
Subject category code TBC
Source thema
072 #7 - SUBJECT CATEGORY CODE
Subject category code TNCB
Source thema
072 #7 - SUBJECT CATEGORY CODE
Subject category code AM
Source thema
072 #7 - SUBJECT CATEGORY CODE
Subject category code AMD
Source thema
072 #7 - SUBJECT CATEGORY CODE
Subject category code KCS
Source thema
072 #7 - SUBJECT CATEGORY CODE
Subject category code KNJ
Source thema
072 #7 - SUBJECT CATEGORY CODE
Subject category code TN
Source thema
072 #7 - SUBJECT CATEGORY CODE
Subject category code TNKP
Source thema
072 #7 - SUBJECT CATEGORY CODE
Subject category code GBC
Source thema
082 04 - DEWEY DECIMAL CLASSIFICATION NUMBER
Classification number 343.41078624
Edition number 23
100 1# - MAIN ENTRY--PERSONAL NAME
Personal name Hughes, Kelvin
Titles and words associated with a name (Engineering consultant)
Relator term author.
245 10 - TITLE STATEMENT
Title Understanding the NEC4 ECC contract:
Remainder of title a practical handbook /
Statement of responsibility, etc. Kelvin Hughes.
Medium [electronic resource]
250 ## - EDITION STATEMENT
Edition statement 2nd ed.
263 ## - PROJECTED PUBLICATION DATE
Projected publication date 202410
264 #1 - PRODUCTION, PUBLICATION, DISTRIBUTION, MANUFACTURE, AND COPYRIGHT NOTICE
Place of production, publication, distribution, manufacture London :
Name of producer, publisher, distributor, manufacturer Routledge,
Date of production, publication, distribution, manufacture, or copyright notice 2024.
300 ## - PHYSICAL DESCRIPTION
Extent 1 online resource (vii, 246 pages) :
Other physical details illustrations.
336 ## - CONTENT TYPE
Content type term text
Source rdacontent
336 ## - CONTENT TYPE
Content type term still image
Source rdacontent
337 ## - MEDIA TYPE
Media type term computer
Source rdamedia
338 ## - CARRIER TYPE
Carrier type term online resource
Source rdacarrier
490 1# - SERIES STATEMENT
Series statement Understanding construction
500 ## - GENERAL NOTE
General note Previous edition: 2019.
504 ## - BIBLIOGRAPHY, ETC. NOTE
Bibliography, etc. note Includes bibliographical references and index.
505 0# - FORMATTED CONTENTS NOTE
Formatted contents note PrefaceIntroductionAcknowledgementsChapter 0 IntroductionChapter 1 Early WarningsChapter 2 Contractor's ResponsibilitiesChapter 3 TimeChapter 4 Quality ManagementChapter 5 PaymentChapter 6 Compensation EventsChapter 7 TitleChapter 8 Liabilities and InsuranceChapter 9 TerminationChapter 10 Resolving and Avoiding DisputesChapter 11 Tenders
520 8# - SUMMARY, ETC.
Summary, etc. As usage of the NEC family of contracts continues to grow worldwide, so does the importance of understanding its clauses and nuances to everyone working in the built environment. 'Understanding the NEC4 ECC Contract' uses plain English to lead the reader through the NEC4 engineering and construction contract's key features.
Expansion of summary note As usage of the NEC family of contracts continues to grow worldwide, so does the importance of understanding its clauses and nuances to everyone working in the built environment. This second edition of Understanding the NEC4 ECC Contract uses plain English to lead the reader through the NEC4 Engineering and Construction Contract's key features. Chapters cover: Contractor's main responsibilities The use of early warnings Contractor's design Quality management Payment Liabilities and insurance Termination Avoiding and resolving disputes Tendering Common problems experienced when using the Engineering and Construction Contract (ECC) are signalled to the reader throughout, and the correct way of reading each clause explained. The way the contract effects procurement processes, dispute resolution, project management and risk management are all addressed in order to direct the user to best practice. This second edition takes into account the updates to the contract released in 2019, 2020 and 2023, and brings the book up to date with the most current practice.Written for construction professionals, by a practising international construction contract consultant, this handbook is the most straightforward, balanced and practical guide to the NEC4 ECC available. An ideal companion for employers, contractors, project managers, supervisors, engineers, architects, quantity surveyors, subcontractors and anyone else interested in working successfully with the NEC4 ECC.
610 20 - SUBJECT ADDED ENTRY--CORPORATE NAME
Corporate name or jurisdiction name as entry element NEC Contracts.
650 #0 - SUBJECT ADDED ENTRY--TOPICAL TERM
Topical term or geographic name entry element CONSTRUCTION CONTRACTS
650 #0 - SUBJECT ADDED ENTRY--TOPICAL TERM
Topical term or geographic name entry element EBOOK
650 #7 - SUBJECT ADDED ENTRY--TOPICAL TERM
Topical term or geographic name entry element LAW
776 08 - ADDITIONAL PHYSICAL FORM ENTRY
Relationship information Print version :
International Standard Book Number 9781032913254
830 #0 - SERIES ADDED ENTRY--UNIFORM TITLE
Uniform title Understanding construction.
856 40 - ELECTRONIC LOCATION AND ACCESS
Uniform Resource Identifier <a href="https://www.vlebooks.com/product/openreader?id=RICS&accId=9491556&isbn=9781040261859">https://www.vlebooks.com/product/openreader?id=RICS&accId=9491556&isbn=9781040261859</a>
Public note Available on VLeBooks (email [email protected] if you do not have a login)
942 ## - ADDED ENTRY ELEMENTS (KOHA)
Source of classification or shelving scheme Dewey Decimal Classification
Holdings
Withdrawn status Lost status Damaged status Not for loan Home library Current library Shelving location Date acquired Total Checkouts Full call number Date last seen Price effective from Koha item type Public note
        Archives Virtual Online 03/12/2024   EBOOK 03/12/2024 03/12/2024 Book Available via Vlebooks (email [email protected] if you do not have a login)